|
|
|
|
| LEADER |
02064nam a2200613 a 4500 |
| 001 |
nkc20152685461 |
| 003 |
CZ PrNK |
| 005 |
20191119145750.0 |
| 007 |
ta |
| 008 |
150323s2015 xr e 000 0 cze |
| 015 |
|
|
|a cnb002685461
|
| 020 |
|
|
|a 978-80-7429-550-8
|q (váz.) :
|c Kč 218,00
|
| 035 |
|
|
|a (OCoLC)908822162
|
| 040 |
|
|
|a ABA001
|b cze
|
| 041 |
1 |
|
|a cze
|h ger
|
| 072 |
|
7 |
|a 2-1
|x Přirozená teologie. Náboženská filozofie
|2 Konspekt
|9 5
|
| 080 |
|
|
|a 2-14/-15
|2 MRF
|
| 080 |
|
|
|a 111.84
|2 MRF
|
| 080 |
|
|
|a 2-423
|2 MRF
|
| 080 |
|
|
|a 159.964.21
|2 MRF
|
| 080 |
|
|
|a 2-474
|2 MRF
|
| 080 |
|
|
|a 27-243.62
|2 MRF
|
| 080 |
|
|
|a 111.8
|2 MRF
|
| 080 |
|
|
|a 159.964.26
|2 MRF
|
| 080 |
|
|
|a (049)
|2 MRF
|
| 100 |
1 |
|
|a Jung, Carl Gustav,
|d 1875-1961
|7 jn19990004107
|4 aut
|
| 240 |
1 |
0 |
|a Antwort auf Hiob.
|l Česky
|7 aun2014844259
|
| 245 |
1 |
0 |
|a Odpověď na Jóba /
|c Carl Gustav Jung ; [z německého originálu ... přeložil Karel Plocek]
|
| 250 |
|
|
|a Vyd. 2., Ve Vyšehradu 1.
|
| 260 |
|
|
|a Praha :
|b Vyšehrad,
|c 2015
|
| 300 |
|
|
|a 138 s. ;
|c 21 cm
|
| 504 |
|
|
|a Obsahuje bibliografické odkazy
|
| 630 |
0 |
7 |
|a Bible.
|p Jób
|7 unn2006374735
|2 czenas
|
| 630 |
0 |
9 |
|a Bible.
|p Job
|2 eczenas
|
| 650 |
0 |
7 |
|a Bůh (teologie)
|7 ph117421
|2 czenas
|
| 650 |
0 |
7 |
|a zlo
|7 ph127644
|2 czenas
|
| 650 |
0 |
7 |
|a archetypy
|7 ph118505
|2 czenas
|
| 650 |
0 |
7 |
|a biblická interpretace
|7 ph118847
|2 czenas
|
| 650 |
0 |
7 |
|a transcendence
|7 ph136913
|2 czenas
|
| 650 |
0 |
7 |
|a analytická psychologie
|7 ph114038
|2 czenas
|
| 650 |
0 |
9 |
|a God
|2 eczenas
|
| 650 |
0 |
9 |
|a evil
|2 eczenas
|
| 650 |
0 |
9 |
|a archetypes
|2 eczenas
|
| 650 |
0 |
9 |
|a Biblical interpretation
|2 eczenas
|
| 650 |
0 |
9 |
|a transcendence (philosophy)
|2 eczenas
|
| 650 |
0 |
9 |
|a jungian psychology
|2 eczenas
|
| 655 |
|
7 |
|a pojednání
|7 fd133056
|2 czenas
|
| 655 |
|
9 |
|a essays
|2 eczenas
|
| 700 |
1 |
|
|a Plocek, Karel,
|d 1934-2021
|7 jn20010309678
|4 trl
|
| 910 |
2 |
|
|a BOA001
|b 2-1345.541
|
| 990 |
|
|
|a BK
|
| 995 |
|
|
|a 01
|
| 991 |
|
|
|b 201504
|c NOV
|e n
|
| 996 |
6 |
|
|b 2610629177
|c 2-1345.541
|l MZK
|r Sklad / do 1 hodiny
|n 9
|p p.v.
|w 001500135
|u 000010
|a 1
|e BOA001
|j MZK50
|s P
|